Countries that invaded China - Statistics

General Stats
  • This quiz has been taken 205 times
  • The average score is 9 of 11
Answer Stats
Hint Invader % Correct
1890s Japan
98%
1830s United Kingdom
97%
13th century Mongol Empire
95%
1900 Russia
95%
1850s France
90%
1900 United States
88%
1900 Germany
85%
1900 Italy
72%
11th century Vietnam (Lý Dynasty)
62%
1900 Austria-Hungary
49%
8th century Tibetan Empire
33%
No matching quizzes found
Score Distribution
Percent of People with Each Score
Percentile by Number Answered
Your Score History
You have not taken this quiz